|
|
|
|
| LEADER |
03142nam a2200505 4500 |
| 001 |
ocn868975504 |
| 003 |
OCoLC |
| 005 |
20180501122016.0 |
| 006 |
m o d |
| 007 |
cr cn||||||||| |
| 008 |
131115s2013 ne a ob 001 0 eng d |
| 040 |
|
|
|a E7B
|b eng
|e rda
|e pn
|c E7B
|d OCLCO
|d N$T
|d UIU
|d OCLCF
|d EBLCP
|d YDXCP
|d DEBSZ
|d OCLCQ
|d ESU
|d GrThAP
|
| 019 |
|
|
|a 862831635
|
| 020 |
|
|
|a 9780124115392
|q (electronic bk.)
|
| 020 |
|
|
|a 012411539X
|q (electronic bk.)
|
| 020 |
|
|
|a 9780124115125
|
| 035 |
|
|
|a (OCoLC)868975504
|z (OCoLC)862831635
|
| 050 |
|
4 |
|a RM666.C378
|b A54 2013eb
|
| 072 |
|
7 |
|a SCI
|x 080000
|2 bisacsh
|
| 072 |
|
7 |
|a SCI
|x 060000
|2 bisacsh
|
| 082 |
0 |
4 |
|a 500
|
| 049 |
|
|
|a TEFA
|
| 245 |
0 |
2 |
|a A new era of catecholamines in the laboratory and clinic /
|c edited by Lee E. Eiden, Section on Molecular Neuroscience, Bethesda, MD ; serial editor, S.J. Enna, Department of Molecular and Integrative Physiology, Department of Pharmacology, Toxicology and Therapeutics, University of Kansas Medical Center, Kansas City, Kansas, USA ; managing editor, Lynn Lecount, University of Kansas Medical Center, School of Medicine, Kansas City, Kansas, USA.
|
| 250 |
|
|
|a First edition.
|
| 264 |
|
1 |
|a Amsterdam :
|b Elsevier/Academic Press,
|c 2013.
|
| 300 |
|
|
|a 1 online resource (500 pages) :
|b illustrations.
|
| 336 |
|
|
|a text
|b txt
|2 rdacontent
|
| 337 |
|
|
|a computer
|b c
|2 rdamedia
|
| 338 |
|
|
|a online resource
|b cr
|2 rdacarrier
|
| 490 |
1 |
|
|a Advances in pharmacology,
|x 1054-3586 ;
|v volume sixty eight
|
| 504 |
|
|
|a Includes bibliographical references and index.
|
| 505 |
0 |
|
|a Section 1. Catecholamine biosynthesis, storage, and release -- section 2. Catecholamine circuits and brain function -- section 3. Catecholamine biomarkers, gene therapy, and drug discovery -- section 4. Catecholamines and stress.
|
| 588 |
0 |
|
|a Online resource; title from PDF title page (ebrary, viewed November 14, 2013).
|
| 520 |
|
|
|a This new volume of Advances in Pharmacology presents catecholamine symposium proceedings. Chapters cover such topics as cellular dynamics of catecholamine release and re-uptake, catecholamines in mood regulation and imaging catecholamine transporters. With a variety of chapters and the best authors in the field, the volume is an essential resource for pharmacologists, immunologists and biochemists alike. Presents catecholamine symposium proceedings Chapters cover a variety of topics such as cellular dynamics of catecholamine release and re-uptake, catecholamines in mood regulation and im.
|
| 650 |
|
0 |
|a Catecholamines.
|
| 650 |
|
7 |
|a SCIENCE
|x Essays.
|2 bisacsh
|
| 650 |
|
7 |
|a SCIENCE
|x Reference.
|2 bisacsh
|
| 650 |
|
7 |
|a Catecholamines.
|2 fast
|0 (OCoLC)fst00848987
|
| 655 |
|
4 |
|a Electronic books.
|
| 700 |
1 |
|
|a Eiden, Lee E.
|
| 700 |
1 |
|
|a Enna, S. J.
|
| 700 |
1 |
|
|a Lecount, Lynn.
|
| 776 |
0 |
8 |
|i Print version:
|a Eiden, Lee E.
|t A New Era of Catecholamines in the Laboratory and Clinic.
|d Burlington : Elsevier Science, ©2013
|z 9780124115125
|
| 830 |
|
0 |
|a Advances in pharmacology (San Diego, Calif.) ;
|v v. sixty eight.
|
| 856 |
4 |
0 |
|u https://www.sciencedirect.com/science/bookseries/10543589/68
|z Full Text via HEAL-Link
|